Budúcnosť patrí marketingu. 2 Majstrovský list

Päť univerzálnych definícií marketingu. Schéma ponímania marketingu v širšom význame. Vytváranie marketingového imperatívneho systému podniku. Základný zákon podniku (ústava).

Salvato in:
Dettagli Bibliografici
Autore principale: Rajt, Š.
Natura: Capitolo di libro
Lingua:slovacco
Soggetti:
Tags: Aggiungi Tag
Nessun Tag, puoi essere il primo ad aggiungerne!!

MARC

LEADER 00000naa a2200000 4500
001 r015431
005 20221213113907.5
041 0 |a slo 
044 |a SK 
245 1 0 |a Budúcnosť patrí marketingu. 2  |b Majstrovský list  |c Š. Rajt 
520 |a Päť univerzálnych definícií marketingu. Schéma ponímania marketingu v širšom význame. Vytváranie marketingového imperatívneho systému podniku. Základný zákon podniku (ústava). 
610 2 0 |a marketing 
610 2 0 |a podnik 
610 2 0 |a koncepcie 
610 2 0 |a metodika 
610 2 0 |a stratégia marketingová 
100 1 |a Rajt, Š.